Top 100 Video Games of All Time - Statistics

General Stats
  • This quiz has been taken 1,094 times
  • The average score is 28 of 100
Answer Stats
Rank Answer Original Platform Year % Correct
48. Super Mario Bros. NES 1985
80%
4. Grand Theft Auto V PS3, Xbox 360 2013
77%
21. Minecraft PC 2009
68%
79. The Legend of Zelda NES 1986
66%
30. Dark Souls PS3, Xbox 360 2011
65%
70. Grand Theft Auto IV PS3, Xbox 360 2008
64%
62. Super Mario Kart SNES 1992
63%
72. Grand Theft Auto III PS2 2001
58%
42. Grand Theft Auto: San Andreas PS2 2004
56%
23. God of War PS4 2018
55%
1. The Legend of Zelda: Ocarina of Time N64 1998
55%
22. Red Dead Redemption PS3, Xbox 360 2010
54%
9. Super Mario 64 N64 1996
51%
2. The Last of Us PS3 2013
51%
3. The Legend of Zelda: Breath of the Wild Switch, WII U 2017
51%
26. Halo: Combat Evolved Xbox 2001
48%
19. Red Dead Redemption 2 PS4, Xbox One 2018
48%
20. Tetris PC 1986
48%
98. Pac-Man Arcade 1980
46%
40. Elden Ring PC, PS5, Xbox X/S 2022
45%
31. Pokémon Red and Blue Game Boy 1996
41%
7. The Elder Scrolls V: Skyrim PC, PS3, Xbox 360 2011
40%
76. Grand Theft Auto: Vice City PS2 2002
38%
82. Halo 2 Xbox 2004
38%
49. Call of Duty 4: Modern Warfare PC, PS3, Xbox 360 2007
37%
80. Halo 3 Xbox 360 2007
37%
11. Resident Evil 4 GameCube 2005
37%
57. Half-Life PC 1998
36%
45. Super Mario Galaxy Wii 2007
36%
38. Super Mario Odyssey Switch 2017
34%
32. Doom PC 1993
33%
52. The Legend of Zelda: Majora's Mask N64 2000
32%
51. Final Fantasy VI SNES 1994
31%
14. Final Fantasy VII PS1 1997
31%
17. Super Mario Bros. 3 NES 1988
31%
6. Half-Life 2 PC 2004
30%
47. Portal PC, Xbox 360 2007
30%
78. The Last of Us Part II PS4 2020
30%
5. The Witcher 3: Wild Hunt PC, PS4, Xbox One 2015
30%
16. Metal Gear Solid PS1 1998
29%
12. Super Mario World SNES 1990
28%
43. World of Warcraft PC 2004
28%
84. God of War Ragnarök PS5 2022
27%
54. Fallout 3 PC, PS3, Xbox 360 2008
26%
92.. Final Fantasy X PS2 2001
26%
69. Persona 4: Golden PS Vita 2012
26%
10. Portal 2 PC 2011
26%
87. The Legend of Zelda: Twilight Princess Wii 2006
26%
28. Uncharted 2: Among Thieves PS3 2009
26%
29. Bloodborne PS4 2015
24%
99. Final Fantasy IX PS1 2000
24%
60. Super Smash Bros. Ultimate Switch 2018
24%
63. The Legend of Zelda: Tears of the Kingdom Switch 2023
24%
66. Uncharted 4: A Thief's End PS4 2016
24%
56. Overwatch PC, PS4, Xbox One 2016
23%
68. Fallout: New Vegas PC, PS3, Xbox 360 2010
22%
85. Pokémon Gold and Silver Game Boy Color 2000
22%
33. Street Fighter II Arcade 1991
22%
64. Super Mario Galaxy 2 Wii 2010
22%
36. The Legend of Zelda: The Wind Waker GameCube 2002
22%
15. Mass Effect 2 PC, Xbox 360 2010
21%
50. Silent Hill 2 PS2 2001
21%
13. The Legend of Zelda: A Link to the Past SNES 1991
21%
81. Assassin's Creed II PS3, Xbox 360 2009
20%
18. BioShock PC, Xbox 360 2007
20%
35. Metal Gear Solid 3: Snake Eater PS2 2004
20%
73. Metal Gear Solid 3: Subsistence PS2 2005
20%
59. Super Smash Bros. Melee GameCube 2001
20%
89. Baldur's Gate 3 PC 2023
18%
90. Hollow Knight PC 2017
18%
27. Metroid Prime GameCube 2002
18%
37. GoldenEye 007 N64 1997
17%
34. Persona 5 PS4 2016
17%
97. The Sims PC 2000
17%
83. Metal Gear Solid 4: Guns of the Patriots PS3 2008
16%
25. Super Metroid SNES 1994
16%
53. Undertale PC 2015
16%
71. Diablo II PC 2000
14%
93. Metal Gear Solid V: The Phantom Pain PC, PS4, Xbox One 2015
14%
41. Batman: Arkham City PS3, Xbox 360 2011
13%
65. Starcraft PC 1998
13%
88. BioShock Infinite PC, PS3, Xbox 360 2013
12%
100. Baldur's Gate II: Shadows of Amn PC 2000
11%
8. Chrono Trigger SNES 1995
11%
55. Hades PC, Switch 2020
11%
96. Half-Life: Alyx PC (VR) 2020
10%
24. Shadow of the Colossus PS2 2005
10%
67. EarthBound SNES 1995
9%
44. Star Wars: Knights of the Old Republic Xbox 2003
8%
61. Deus Ex PC 2000
7%
77. Ms. Pac-Man Arcade 1982
7%
39. Castlevania: Symphony of the Night PS1 1997
6%
94. Celeste PC, Switch, PS4 2018
6%
46. Disco Elysium PC 2019
6%
91. Tony Hawk's Pro Skater 2 PS1 2001
5%
58. Journey PS3 2012
4%
74. Nier: Automata PS4 2017
4%
86. Soulcalibur Arcade 1998
4%
95. Outer Wilds PC, Xbox One 2019
3%
75. Kingdom Hearts II PS2 2005
1%
No matching quizzes found
Score Distribution
Percent of People with Each Score
Percentile by Number Answered
Your Score History
You have not taken this quiz